| 000 | 00789nam a2200229Ia 4500 | ||
|---|---|---|---|
| 003 | OSt | ||
| 005 | 20251015110649.0 | ||
| 008 | 220922b |||||||| |||| 00| 0 hin d | ||
| 037 | _cTextual | ||
| 040 |
_aARTS _cARTS _bhin |
||
| 041 |
_2hin _ahin |
||
| 084 | _aO152,1:g(/\25), P4 | ||
| 245 | 0 | _aमध्यकालीन साहित्य विमर्श / | |
| 246 | _aMadhyakālīn sāhitya vimarsha | ||
| 260 |
_aकोलकाता: _bआनन्द प्रकाशन, _c2004. |
||
| 300 | _a461 पृ. | ||
| 700 |
_aसिंह, सुधा _e(संपादक) _9848342 |
||
| 942 |
_hO152,1:g(/\25), P4 _cTEXL _2CC _n0 |
||
| 999 |
_c367857 _d367857 |
||